| 000 | 01214cam a22003014a 4500 | ||
|---|---|---|---|
| 001 | 14109624 | ||
| 003 | NUST-PNEC | ||
| 005 | 20170116180742.0 | ||
| 008 | 050915s2005 dcua b 001 0 eng | ||
| 010 | _a 2005026756 | ||
| 020 | _a0895260069 | ||
| 035 | _a(OCoLC)ocm61684137 | ||
| 040 |
_aDLC _cPNEC |
||
| 042 | _apcc | ||
| 050 | 0 | 0 |
_aP96.W36 _bM56 2005 |
| 082 | 0 | 0 |
_a070.449973931 _222 |
| 100 | 1 | _aMiniter, Richard. | |
| 245 | 1 | 0 |
_aDisinformation : 22 media myths that undermine the War on Terror / _cRichard Miniter. |
| 260 |
_aWashington, DC : _bRegnery Pub. ; _aLanham, MD : _bDistributed to the trade by National Book Network, _cc2005. |
||
| 300 |
_a275 p. : _bill. ; _c24 cm. |
||
| 500 | _aIncludes index | ||
| 504 | _aIncludes bibliographical references (p. [223]-233). | ||
| 650 | 0 |
_aWar on Terrorism, 2001-2009 _xPress coverage. |
|
| 856 | _uhttp://www.amazon.com/Disinformation-Media-Myths-Undermine-Terror/dp/0895260069/ref=sr_1_1?s=books&ie=UTF8&qid=1420440045&sr=1-1&keywords=0895260069 | ||
| 906 |
_a7 _bcbc _corignew _d1 _eecip _f20 _gy-gencatlg |
||
| 942 |
_2ddc _cBK |
||
| 999 |
_c62236 _d62236 |
||